000 00593nam a2200229 i 4500
001 C2-0223837
003 PPAK
005 20180728152558.0
008 000308s1976 my |||| ||||| | may d
040 _aPPAK
_beng
_cPPAK
_erda
082 0 4 _a658.1511
_223
090 0 0 _a658.1511
_bSHA
_dKIH
100 0 _aShaari Isa,
_eauthor
245 1 0 _aPrinsip akaun
264 1 _aKuala Lumpur :
_bUtusan Melayu ,
_c1976
300 _a302 pages ;
_c21 cm
336 _2rdacontent
_atext
337 _2rdamedia
_aunmediated
338 _2rdacarrier
_avolume
650 1 0 _aAccounting
942 _ddc
_cB
999 _c144903
_d144903